Egy év mérlege Az oktatáspolitikai határozat első eredményei Szegeden /
Elmentve itt :
| Szerző: | |
|---|---|
| Dokumentumtípus: | Cikk |
| Megjelent: |
1973-06-07
|
| Sorozat: | Délmagyarország
63 No. 131 |
| Kulcsszavak: | Kovács József, nevelés, oktatás |
| Online Access: | http://dmarchiv.bibl.u-szeged.hu/96285 |
| LEADER | 00514nab a2200157 i 4500 | ||
|---|---|---|---|
| 001 | delm96285 | ||
| 005 | 20190401150601.0 | ||
| 008 | 190401s1973 hu o 0|| hun d | ||
| 040 | |a SZTE Délmagyarország Archívum |b hun | ||
| 041 | |a hun | ||
| 100 | 1 | |a Tandi Lajos | |
| 245 | 1 | 0 | |a Egy év mérlege |h [elektronikus dokumentum] : |b Az oktatáspolitikai határozat első eredményei Szegeden / |c Tandi Lajos |
| 260 | |c 1973-06-07 | ||
| 300 | |a 5 | ||
| 490 | 0 | |a Délmagyarország |v 63 No. 131 | |
| 695 | |a Kovács József, nevelés, oktatás | ||